Circle Line MRT Stations in Singapore - Statistics

General Stats
  • This quiz has been taken 547 times
  • The average score is 21 of 30
Answer Stats
Hint Answer % Correct
CC1 Dhoby Ghaut
87%
CC15 Bishan
83%
CC29 Harbourfront
83%
CC9 Paya Lebar
81%
CC13 Serangoon
81%
CC22 Buona Vista
80%
CC6 Stadium
80%
CC4 Promenade
79%
CC19 Botanic Gardens
78%
CC17 Caldecott
77%
CC16 Marymount
77%
CC3 Esplanade
76%
CC21 Holland Village
73%
CE2 Marina Bay
73%
CC23 one-north
73%
CC25 Haw Par Villa
72%
CC14 Lorong Chuan
69%
CC5 Nicoll Highway
68%
CC11 Tai Seng
68%
CE1 Bayfront
67%
CC2 Bras Basah
67%
CC10 MacPherson
67%
CC8 Dakota
66%
CC7 Mountbatten
64%
CC12 Bartley
63%
CC20 Farrer Road
62%
CC24 Kent Ridge
62%
CC27 Labrador Park
60%
CC28 Telok Blangah
56%
CC26 Pasir Panjang
51%
No matching quizzes found
Score Distribution
Percent of People with Each Score
Percentile by Number Answered
Your Score History
You have not taken this quiz